000 01393cam a2200385 4500
001 J2667
008 090401t1994 xxu||||| |||| 00| 0 eng d
035 _a(Sirsi) u50373
041 _aeng
050 _a346.41043
110 _aGeneral Council of the Bar
_9691
245 4 _aThe Blundell Memorial Lectures (1994) ... current problems in property law ...
260 _aLondon
_bRICS Conferences
_c1994
300 _a149p. ; 30cm.
350 _a0
520 _aPapers:- An ever closer union: restraints on trade and English property/ ISAACS, S. & TAYLOR, R. - Crumbling piles: developments in dilapidations/ CLARK, W. & CROSS, H. - Planning permission for sale?/ GRANT, M & ROBESON, M. - Virtual reality: defining the world of rent review/ GAUNT, J. & MAIN, R.
650 _aBLUNDELL MEMORIAL LECTURES
650 _aCOVENANTS TO REPAIR
650 _aEC LAW
650 _aEUROPEAN COMMUNITY
650 _aPLANNING GAIN
650 _aPLANNING PERMISSION
650 _aPROPERTY LAW
650 _aRENT REVIEW CLAUSES
650 _aRENT REVIEWS
650 _aSHOPS ACT 1950
650 _aSUNDAY TRADING ACT 1994
650 _aSUNDAY TRADING
650 _aValuation
_96273
690 _aPROPERTY LAW AND PRACTICE
710 _aLaw Society of England and Wales
_91639
710 _aRoyal Institution of Chartered Surveyors
_94900
942 _n0
948 _c04/03/1997
999 _c92700
_d92700